[Event "10. Copenhagen Open"]
[Site "Copenhagen"]
[Date "1988.??.??"]
[Round "10"]
[White "Stein, Bernd"]
[Black "Hoiberg, Nina"]
[Result "1-0"]
[WhiteElo "2365"]
[BlackElo "2285"]
[PlyCount "121"]
[EventDate "1988.??.??"]
[EventType "swiss"]
[EventRounds "10"]
[EventCountry "DEN"]
[SourceDate "2004.01.01"]

1. e4 e5 2. Nf3 Nc6 3. Bc4 Nf6 4. Ng5 d5 5. exd5 Na5 6. Bb5+ c6 7. dxc6 bxc6 8.
Be2 h6 9. Nf3 e4 10. Ne5 Bd6 11. f4 Qc7 12. O-O O-O 13. Nc3 Bxe5 14. fxe5 Qxe5
15. d4 exd3 16. Qxd3 Bg4 17. Rxf6 Bxe2 18. Rf5 Qe6 19. Nxe2 Rad8 20. Qf3 Rd1+
21. Kf2 Nc4 22. Rf4 Re8 23. b3 Nd6 24. g4 g5 25. Rd4 Qxe2+ 26. Qxe2 Rxe2+ 27.
Kxe2 Rxd4 28. h3 f5 29. Be3 Re4 30. Kf3 fxg4+ 31. hxg4 Re7 32. Rd1 Rf7+ 33. Kg2
Ne4 34. Rd8+ Kh7 35. Ra8 c5 36. a4 Rc7 37. b4 Kg6 38. Kf3 Re7 39. bxc5 h5 40.
gxh5+ Kxh5 41. Rh8+ Kg6 42. Rg8+ Kf7 43. Ra8 g4+ 44. Kxg4 Nc3 45. Bf4 Nxa4 46.
c6 Nb6 47. Rb8 Re4 48. Kf5 Rc4 49. c7 Rxc2 50. Bd6 Rc6 51. Ke4 Rc4+ 52. Kf5 Rc6
53. Rf8+ Kg7 54. Rd8 Kf7 55. Ke5 Rc1 56. Rf8+ Kg7 57. Rf3 Kg6 58. Ke6 Na8 59.
Rg3+ Kh7 60. Bf4 Rc4 61. c8=Q 1-0

[Event "10. Copenhagen Open"]
[Site "Copenhagen"]
[Date "1988.??.??"]
[Round "10"]
[White "Sorensen, Bent"]
[Black "Salanki, Endre"]
[Result "1-0"]
[WhiteElo "2320"]
[BlackElo "2335"]
[PlyCount "79"]
[EventDate "1988.??.??"]
[EventType "swiss"]
[EventRounds "10"]
[EventCountry "DEN"]
[SourceDate "2004.01.01"]

1. g3 e5 2. c4 Nf6 3. Nc3 d5 4. cxd5 Nxd5 5. Bg2 Nxc3 6. bxc3 Bc5 7. Nf3 Nc6 8.
O-O O-O 9. Bb2 e4 10. Ne1 Bf5 11. d4 Bb6 12. Nc2 Na5 13. Ne3 Bg6 14. c4 c5 15.
d5 Bc7 16. Qd2 b6 17. f3 exf3 18. exf3 Re8 19. f4 Be4 20. Qc3 f6 21. Bh3 Qd6
22. Be6+ Rxe6 23. dxe6 Qxe6 24. Nd5 Bxd5 25. cxd5 Qxd5 26. Rad1 Qc6 27. Rfe1 c4
28. Re7 Rd8 29. Rxd8+ Bxd8 30. Re1 b5 31. Qe3 Bb6 32. Bd4 b4 33. Bxb6 Qxb6 34.
Qxb6 axb6 35. Re6 Kf7 36. Rxb6 c3 37. Rb5 Ke6 38. Rxa5 Kd6 39. Ra8 Kc7 40. Re8
1-0

[Event "10. Copenhagen Open"]
[Site "Copenhagen"]
[Date "1988.??.??"]
[Round "10"]
[White "Thorsteins, Karl"]
[Black "Hansen, Lars Bo"]
[Result "1-0"]
[WhiteElo "2440"]
[BlackElo "2365"]
[PlyCount "63"]
[EventDate "1988.??.??"]
[EventType "swiss"]
[EventRounds "10"]
[EventCountry "DEN"]
[SourceDate "2004.01.01"]

1. d4 e6 2. c4 Bb4+ 3. Nc3 f5 4. e3 Nf6 5. Bd3 O-O 6. Bd2 Bxc3 7. Bxc3 Ne4 8.
Bxe4 fxe4 9. d5 Qg5 10. Nh3 Qf5 11. Qd4 e5 12. Qxe5 Qxe5 13. Bxe5 d6 14. Bd4
Bxh3 15. gxh3 Nd7 16. Rg1 g6 17. Rg4 Rf3 18. Rxe4 Rxh3 19. Re7 Rd8 20. O-O-O
Kf8 21. Rg7 Rxh2 22. f4 Ke8 23. Rf1 Rh5 24. e4 c5 25. dxc6 bxc6 26. f5 gxf5 27.
exf5 Rh4 28. Rg8+ Nf8 29. Re1+ Kd7 30. Bf6 Rxc4+ 31. Kb1 Re8 32. Rg7+ 1-0

[Event "10. Copenhagen Open"]
[Site "Copenhagen"]
[Date "1988.??.??"]
[Round "10"]
[White "Wegner, Hannu"]
[Black "Iskov, Gert"]
[Result "1/2-1/2"]
[WhiteElo "2320"]
[BlackElo "2345"]
[PlyCount "23"]
[EventDate "1988.??.??"]
[EventType "swiss"]
[EventRounds "10"]
[EventCountry "DEN"]
[SourceDate "2004.01.01"]

1. e4 d5 2. exd5 Nf6 3. c4 c6 4. d4 cxd5 5. Nc3 e6 6. Nf3 Bb4 7. cxd5 exd5 8.
Be2 Ne4 9. Bd2 Nxd2 10. Qxd2 O-O 11. O-O Nc6 12. a3 1/2-1/2